[Event "Ramat Gan Rosh Hashanah Rapid"]
[Site "Ramat Gan"]
[Date "2022.09.25"]
[Round "6"]
[White "Mindlin, Alon"]
[Black "Dvoirys, Semen I"]
[Result "0-1"]
[WhiteElo "2426"]
[BlackElo "2461"]
[PlyCount "106"]
[EventDate "2022.09.25"]
[EventType "swiss (rapid)"]
[EventRounds "6"]
[EventCountry "ISR"]
[SourceTitle "EXT 2023"]
[Source "ChessBase"]
[SourceDate "2022.10.05"]
[SourceVersion "1"]
[SourceVersionDate "2022.10.05"]
[SourceQuality "1"]

1. d4 Nf6 2. c4 g6 3. Nc3 d5 4. cxd5 Nxd5 5. g3 Bg7 6. Bg2 Nb6 7. Nf3 Nc6 8. 0-0 Nxd4 9. Nxd4 Qxd4 10. Nb5 Qc4 11. Qb3 Be5 12. Bf4 Bxf4 13. Qxc4 Nxc4 14. gxf4 0-0 15. Nxc7 Rb8 16. Rfc1 Nxb2 17. Rab1 Na4 18. Nd5 Re8 19. Rc7 Kf8 20. h4 a6 21. Nb4 Bf5 22. e4 Be6 23. e5 a5 24. Nd5 b5 25. a3 Bxd5 26. Bxd5 b4 27. axb4 axb4 28. Bb7 Nc5 29. Bf3 Nd3 30. Rc4 Rec8 31. Rd4 Rc1+ 32. Rxc1 Nxc1 33. Rc4 Na2 34. Be4 Nc3 35. Bc2 Nd5 36. Bb3 e6 37. Kg2 h5 38. Kg3 Ra8 39. f3 Rb8 40. Rd4 Ne3 41. Re4 Nf5+ 42. Kh3 Ke7 43. Rc4 Kd8 44. Rc2 Ke7 45. Rc4 Rd8 46. Rxb4 Rd3 47. Rb7+ Kf8 48. Rb8+ Kg7 49. Rb7 Rxf3+ 50. Kh2 Nd4 51. Bc4 Rxf4 52. Kg3 Re4 53. Rd7 Nf5+ 0-1

[Event "Titled Tuesday intern op 06th Sep Early"]
[Site "Chess.com INT"]
[Date "2022.09.06"]
[Round "1"]
[White "Mindlin, Alon"]
[Black "Zenin, Dmitri"]
[Result "1/2-1/2"]
[WhiteElo "2426"]
[BlackElo "2163"]
[PlyCount "126"]
[EventDate "2022.09.06"]
[EventType "swiss (blitz)"]
[EventRounds "11"]
[EventCountry "USA"]
[SourceTitle "EXT 2023"]
[Source "ChessBase"]
[SourceDate "2022.10.05"]
[SourceVersion "1"]
[SourceVersionDate "2022.10.05"]
[SourceQuality "1"]

1. d4 Nf6 2. c4 g6 3. Nc3 Bg7 4. e4 d6 5. f3 0-0 6. Be3 c5 7. d5 e6 8. Qd2 exd5 9. cxd5 a6 10. a4 Re8 11. Ra3 h5 12. Be2 Qc7 13. Bd1 Nbd7 14. Nge2 Ne5 15. Bb3 Nh7 16. 0-0 Bd7 17. h3 f5 18. f4 Nf7 19. e5 dxe5 20. d6 Qd8 21. Nd5 Be6 22. Bxc5 Rc8 23. Rc1 Rxc5 24. Rxc5 Qxd6 25. Rc1 Rd8 26. Rd1 Kh8 27. Kh1 Nf6 28. fxe5 Nxe5 29. Nef4 Bf7 30. Ba2 g5 31. Ne2 Bxd5 32. Bxd5 Qxd5 33. Qxg5 Qxd1+ 34. Ng1 Qe1 35. Rg3 Rd7 36. Re3 Qd2 37. b4 Nc4 38. Rg3 Qxg5 39. Rxg5 Rd5 40. Nf3 Kh7 41. Kh2 Bh6 42. Rg3 Bf4 43. Ng5+ Kg6 44. Ne6+ Bxg3+ 45. Kxg3 Rd3+ 46. Kh2 Ne4 47. Nf4+ Kf6 48. Nxd3 Ne5 49. Nf4 h4 50. Nd5+ Ke6 51. Nf4+ Kd6 52. b5 a5 53. g4 fxg4 54. hxg4 Nxg4+ 55. Kh3 Ngf6 56. Kxh4 Nd5 57. Nd3 Nc5 58. Nb2 Nc3 59. Nc4+ Kc7 60. Nxa5 b6 61. Nc4 N3xa4 62. Nxb6 Kxb6 63. Kg5 Kxb5 1/2-1/2